Vehicle dynamics and control. (2nd edition) (Record no. 78338)
[ view plain ]
| 000 -LEADER | |
|---|---|
| fixed length control field | 01349nam a2200241 a 4500 |
| 008 - FIXED-LENGTH DATA ELEMENTS--GENERAL INFORMATION | |
| fixed length control field | 190709s2012 ||||||||||||||||| || u |
| 020 ## - INTERNATIONAL STANDARD BOOK NUMBER | |
| International Standard Book Number | 9781461414322 |
| 050 ## - LIBRARY OF CONGRESS CALL NUMBER | |
| Classification number | TL 243 Raj |
| 100 ## - MAIN ENTRY--PERSONAL NAME | |
| Personal name | Rajamani, Rajesh |
| 245 10 - TITLE STATEMENT | |
| Title | Vehicle dynamics and control. (2nd edition) |
| Statement of responsibility, etc | By Rajesh Rajamani |
| 250 ## - EDITION STATEMENT | |
| Edition statement | 2nd edition |
| 260 ## - PUBLICATION, DISTRIBUTION, ETC. (IMPRINT) | |
| Place of publication, distribution, etc | Minnesota |
| Name of publisher, distributor, etc | Springer |
| Date of publication, distribution, etc | 2012 |
| 300 ## - PHYSICAL DESCRIPTION | |
| Extent | xxv, 496 pages : illustrations |
| 650 ## - SUBJECT ADDED ENTRY--TOPICAL TERM | |
| Topical term or geographic name as entry element | AUTOMOBILES--DYNAMICS |
| 650 ## - SUBJECT ADDED ENTRY--TOPICAL TERM | |
| Topical term or geographic name as entry element | MECHANICAL ENGINEERING |
| 650 ## - SUBJECT ADDED ENTRY--TOPICAL TERM | |
| Topical term or geographic name as entry element | ADAPTIVE CONTROL SYSTEMS |
| 650 ## - SUBJECT ADDED ENTRY--TOPICAL TERM | |
| Topical term or geographic name as entry element | VIBRATION |
| 995 ## - RECOMMENDATION 995 [LOCAL, UNIMARC FRANCE] | |
| -- | 172.44 |
| -- | CBU-MAIN LIBRARY (Kitwe) |
| -- | 3 |
| -- | AVAILABLE |
| -- | Jul 10, 2019 |
| -- | Main Library Open Access Collection |
| 995 ## - RECOMMENDATION 995 [LOCAL, UNIMARC FRANCE] | |
| -- | 172.44 |
| -- | CBU-MAIN LIBRARY (Kitwe) |
| -- | 4 |
| -- | AVAILABLE |
| -- | Jul 10, 2019 |
| -- | Main Library Open Access Collection |
| 995 ## - RECOMMENDATION 995 [LOCAL, UNIMARC FRANCE] | |
| -- | CBU-MAIN LIBRARY (Kitwe) |
| -- | 5 |
| -- | AVAILABLE |
| -- | Nov 27, 2019 |
| -- | Short Loan Collection |
| 995 ## - RECOMMENDATION 995 [LOCAL, UNIMARC FRANCE] | |
| -- | 172.44 |
| -- | CBU-MAIN LIBRARY (Kitwe) |
| -- | 1 |
| -- | AVAILABLE |
| -- | Jul 10, 2019 |
| -- | Main Library Open Access Collection |
| 995 ## - RECOMMENDATION 995 [LOCAL, UNIMARC FRANCE] | |
| -- | 172.44 |
| -- | CBU-MAIN LIBRARY (Kitwe) |
| -- | 2 |
| -- | AVAILABLE |
| -- | Jul 10, 2019 |
| -- | Main Library Open Access Collection |
| Withdrawn status | Lost status | Source of classification or shelving scheme | Damaged status | Not for loan | Permanent Location | Current Location | Shelving location | Date acquired | Total Checkouts | Full call number | Barcode | Date last seen | Copy number | Price effective from | Koha item type |
|---|---|---|---|---|---|---|---|---|---|---|---|---|---|---|---|
| CBU-MAIN LIBRARY, KITWE. | CBU-MAIN LIBRARY, KITWE. | 05/16/2023 | TL 243 Raj | 749356 | 05/16/2023 | 1 | 05/16/2023 | MONOGRAPH | |||||||
| CBU-MAIN LIBRARY, KITWE. | CBU-MAIN LIBRARY, KITWE. | 05/16/2023 | TL 243 Raj | 749357 | 05/16/2023 | 2 | 05/16/2023 | MONOGRAPH | |||||||
| CBU-MAIN LIBRARY, KITWE. | CBU-MAIN LIBRARY, KITWE. | 05/16/2023 | TL 243 Raj | 750085 | 05/16/2023 | 3 | 05/16/2023 | SHORT LOAN COLLECTION | |||||||
| CBU-MAIN LIBRARY, KITWE. | CBU-MAIN LIBRARY, KITWE. | 05/16/2023 | TL 243 Raj | 749354 | 05/16/2023 | 4 | 05/16/2023 | MONOGRAPH | |||||||
| CBU-MAIN LIBRARY, KITWE. | CBU-MAIN LIBRARY, KITWE. | 05/16/2023 | TL 243 Raj | 749355 | 05/16/2023 | 5 | 05/16/2023 | MONOGRAPH |